• 首页
  • 本馆介绍
  • 公告通知
  • 最新文献
  • 馆藏检索
  • 电子资源
  • 读者导购
  • 参考咨询
  • 我的图书馆
  • 登录
  • 详细信息显示
  • 放入我的书架
  • 预约/预借图书
  • 作者相关作品
  • 分类相关作品
  • 丛书相关作品
  • 出版社相关作品

书目信息

  • 表格格式
  • 工作单格式
  • 卡片格式
题名:
金匮要略
    
 
作者: 张仲景, 著 ;张伊宁 评译
分册:  
出版信息: 北京   北京联合出版公司  2020.05
页数: 150页
开本: 21cm
丛书名: 中华国学经典精华
单 册:
中图分类: R222.32 , R222.3
科图分类:
主题词:
电子资源:
ISBN: 978-7-5596-3099-5
000 01127nam 2200277 450
001 2260591362
005 20220916165030.84
010    @a978-7-5596-3099-5@dCNY36.00
100    @a20201014d2020 em y0chiy50 ea
101 0  @achi
102    @aCN@b110000
105    @aa z 000yy
200 1  @a金匮要略@Ajin kui yao lue@f(东汉) 张仲景著@g张伊宁评译
210    @a北京@c北京联合出版公司@d2020.05
215    @a150页@c图@d21cm
225 2  @a中华国学经典精华@Azhong hua guo xue jing dian jing hua@i中医养生
314    @a张仲景, 东汉末年著名医学家, 被后人尊称为医圣。
330    @a本书是我国东汉著名医学家张仲景所著《伤寒杂病论》的杂病部分, 也是我国现存最早的一部论述杂病诊治的专书, 原名《金匮要略方论》。全书分上、中、下三卷, 所述病证以内科杂病为主, 兼及外科、妇科疾病及急救卒死、饮食禁忌等内容。
410  0 @12001 @a中华国学经典精华@i中医养生
605    @a金匮要略方论@Ajin kui yao lue fang lun@x译文
690    @aR222.32@v5
690    @aR222.3@v4
701  0 @a张仲景,@Azhang zhong jing@f约150-154-约215-219@4著
702  0 @a张伊宁@Azhang yi ning@4评译
801  0 @aCN@b人天书店@c20201014
905    @aZUCC@dR222.3@e5
    
    金匮要略/(东汉) 张仲景著/张伊宁评译.-北京:北京联合出版公司,2020.05
    150页:图;21cm.-(中华国学经典精华.中医养生)
    
    
    ISBN 978-7-5596-3099-5:CNY36.00
    本书是我国东汉著名医学家张仲景所著《伤寒杂病论》的杂病部分, 也是我国现存最早的一部论述杂病诊治的专书, 原名《金匮要略方论》。全书分上、中、下三卷, 所述病证以内科杂病为主, 兼及外科、妇科疾病及急救卒死、饮食禁忌等内容。
●
相关链接 在五车中查询图书 在当当中查询图书 在豆瓣中查询图书


正题名:金匮要略     索取号:R222.3/5         预约/预借

序号 登录号 条形码 馆藏地/架位号 状态 备注
1 2000894979   2000894979   第三书库/ [索取号:R222.3/5] 在馆    
2 2000894980   2000894980   第三书库/ [索取号:R222.3/5] 在馆    
3 2000894981   2000894981   第三书库/ [索取号:R222.3/5] 在馆    
山东省滨州职业学院图书馆 欢迎您!
大连网信软件有限公司© 版权所有